[Event "20. Obert Int. Sant Marti 2018 - B"]
[Site "Barcelona ESP"]
[Date "2018.07.17"]
[Round "5.66"]
[White "Grasa Solanas, Oscar"]
[Black "Castillo Rosa, Jose Luis"]
[Result "1-0"]
[WhiteElo "1732"]
[BlackElo "1402"]
[PlyCount "69"]
[EventDate "2018.07.13"]
[EventType "swiss"]
[EventRounds "9"]
[EventCountry "ESP"]
[SourceTitle "Ajedrez en Madrid"]
[Source "lmi"]
[SourceDate "2018.07.13"]
[SourceVersion "1"]
[SourceVersionDate "2019.06.21"]
[SourceQuality "1"]

1. e4 c5 2. Nf3 e6 3. d4 cxd4 4. Nxd4 a6 5. Nc3 Qc7 6. Bd2 Bc5 7. Nb3 Ba7 8.
Qg4 Qe5 9. f4 Nh6 10. Qf3 Qc7 11. O-O-O b5 12. f5 Bb7 13. Bxh6 gxh6 14. fxe6
dxe6 15. Be2 Nd7 16. Rhf1 O-O-O 17. Bxb5 Ne5 18. Qf6 Be3+ 19. Kb1 axb5 20. Nxb5
Bg5 21. Qf2 Qc4 22. Nd6+ Rxd6 23. Rxd6 Bxe4 24. Rd4 Bxc2+ 25. Qxc2 Qxc2+ 26.
Kxc2 Nd7 27. Rxf7 Nb6 28. Rd6 Nd5 29. Rxe6 Ne3+ 30. Kb1 Rd8 31. Rc6+ Kb8 32. a3
Nxg2 33. Na5 Rd1+ 34. Ka2 Rc1 35. Rb7+ 1-0

[Event "20. Obert Int. Sant Marti 2018 - B"]
[Site "Barcelona ESP"]
[Date "2018.07.17"]
[Round "5.68"]
[White "Cervera Lopez, Miguel"]
[Black "Sanchez Rodriguez, Raul"]
[Result "1-0"]
[WhiteElo "1578"]
[BlackElo "1402"]
[PlyCount "51"]
[EventDate "2018.07.13"]
[EventType "swiss"]
[EventRounds "9"]
[EventCountry "ESP"]
[SourceTitle "Ajedrez en Madrid"]
[Source "lmi"]
[SourceDate "2018.07.13"]
[SourceVersion "1"]
[SourceVersionDate "2019.06.21"]
[SourceQuality "1"]

1. e4 e5 2. Nf3 Nc6 3. Bc4 Nf6 4. d3 Bc5 5. Be3 Bb6 6. Nc3 O-O 7. Nd5 h6 8.
Nxb6 axb6 9. Nh4 Na5 10. Nf5 Nxc4 11. dxc4 d6 12. Ng3 Bg4 13. f3 Be6 14. b3 Qd7
15. O-O b5 16. f4 exf4 17. Bxf4 bxc4 18. Qd2 Kh7 19. Bxh6 Rg8 20. Bxg7 Kxg7 21.
Qg5+ Kf8 22. Qh6+ Rg7 23. Rxf6 Kg8 24. Nh5 Rg6 25. Rxg6+ fxg6 26. Nf6+ 1-0

[Event "20. Obert Int. Sant Marti 2018 - B"]
[Site "Barcelona ESP"]
[Date "2018.07.17"]
[Round "5.69"]
[White "Antequera Garcia, Luis"]
[Black "Arias Aranda, Guillem"]
[Result "0-1"]
[WhiteElo "1362"]
[BlackElo "1576"]
[PlyCount "88"]
[EventDate "2018.07.13"]
[EventType "swiss"]
[EventRounds "9"]
[EventCountry "ESP"]
[SourceTitle "Ajedrez en Madrid"]
[Source "lmi"]
[SourceDate "2018.07.13"]
[SourceVersion "1"]
[SourceVersionDate "2019.06.21"]
[SourceQuality "1"]

1. d4 d5 2. Nf3 e6 3. e3 c5 4. c3 c4 5. Nbd2 Nc6 6. e4 Nf6 7. e5 Nd7 8. b3 b5
9. g3 Be7 10. Bg2 O-O 11. O-O Nb6 12. a4 bxa4 13. bxa4 a5 14. Nb1 Bd7 15. Na3
Na7 16. Nb5 Nxb5 17. axb5 Bxb5 18. Rb1 Ba4 19. Qd2 Bb3 20. Ne1 Qc7 21. Nc2 Rfb8
22. Na3 Nd7 23. Nc2 Rb6 24. Ne3 Nb8 25. Qe2 Nc6 26. Qg4 Bf8 27. f4 Ne7 28. f5
exf5 29. Nxf5 Nxf5 30. Qxf5 g6 31. Qf6 Rxf6 32. Rxf6 Rd8 33. Bf4 Qc8 34. Re1
Be7 35. Rb6 Qc7 36. Ra6 g5 37. Bc1 Kg7 38. h4 h6 39. e6 f6 40. hxg5 hxg5 41.
Bxd5 Qxg3+ 42. Kf1 Rxd5 43. Re3 Rf5+ 44. Ke2 Qf2# 0-1

[Event "20. Obert Int. Sant Marti 2018 - B"]
[Site "Barcelona ESP"]
[Date "2018.07.17"]
[Round "5.70"]
[White "Apinyan, Mark"]
[Black "Ayllon Barranco, Miguel"]
[Result "0-1"]
[WhiteElo "1269"]
[BlackElo "1550"]
[PlyCount "118"]
[EventDate "2018.07.13"]
[EventType "swiss"]
[EventRounds "9"]
[EventCountry "ESP"]
[SourceTitle "Ajedrez en Madrid"]
[Source "lmi"]
[SourceDate "2018.07.13"]
[SourceVersion "1"]
[SourceVersionDate "2019.06.21"]
[SourceQuality "1"]

1. d4 Nf6 2. Nf3 d5 3. Bf4 e6 4. e3 a6 5. c4 Bd7 6. Nc3 Be7 7. Bd3 dxc4 8. Bxc4
b5 9. Bd3 Nc6 10. O-O Nb4 11. Rc1 Rc8 12. Re1 Nxd3 13. Qxd3 b4 14. Ne4 Bb5 15.
Nxf6+ Bxf6 16. Qe4 O-O 17. Red1 Re8 18. b3 Be2 19. Rd2 Bxf3 20. Qxf3 Qe7 21.
Rdc2 e5 22. dxe5 Bxe5 23. g3 Bc3 24. Qb7 g5 25. Bxg5 Qxg5 26. Qxa6 Rcd8 27. Qc6
Qe5 28. a3 Bb2 29. Rb1 Bxa3 30. Qxc7 Qxc7 31. Rxc7 Rd2 32. Rc4 Red8 33. Kg2
R8d3 34. Kf3 Rd1 35. Rxd1 Rxd1 36. Ke2 Rb1 37. Kd2 Rxb3 38. Rc2 Rb1 39. Ra2 Rh1
40. h4 Kg7 41. Kd3 b3 42. Rxa3 b2 43. Rb3 b1=Q+ 44. Rxb1 Rxb1 45. Ke4 Kg6 46.
Kf4 h5 47. f3 Rb4+ 48. e4 f6 49. g4 hxg4 50. fxg4 Rb5 51. Kf3 Rb1 52. Kf4 Kf7
53. Kg3 Ke6 54. h5 Ke5 55. Kf3 Rb3+ 56. Kg2 Kxe4 57. h6 Kf4 58. h7 Rb8 59. Kh3
Rh8 0-1

[Event "20. Obert Int. Sant Marti 2018 - B"]
[Site "Barcelona ESP"]
[Date "2018.07.17"]
[Round "5.71"]
[White "Gordillo Bretones, Jose Luis"]
[Black "Alabart Paytubi, Josep"]
[Result "1-0"]
[WhiteElo "1543"]
[BlackElo "1375"]
[PlyCount "85"]
[EventDate "2018.07.13"]
[EventType "swiss"]
[EventRounds "9"]
[EventCountry "ESP"]
[SourceTitle "Ajedrez en Madrid"]
[Source "lmi"]
[SourceDate "2018.07.13"]
[SourceVersion "1"]
[SourceVersionDate "2019.06.21"]
[SourceQuality "1"]

1. e4 d5 2. exd5 e5 3. dxe6 Bxe6 4. Nf3 Bd6 5. c4 c6 6. d4 Nf6 7. c5 Bc7 8. b4
O-O 9. Be2 Nbd7 10. O-O Qb8 11. Bb2 Bd5 12. Nbd2 Ng4 13. h3 Ngf6 14. Bc4 Re8
15. Bxd5 Nxd5 16. a3 N7f6 17. Re1 Rxe1+ 18. Qxe1 Qc8 19. Ne4 Qf5 20. Nxf6+ Nxf6
21. Qc3 Nd5 22. Qb3 Re8 23. Bc1 Qe4 24. Bg5 h6 25. Kf1 Qe2+ 26. Kg1 hxg5 27.
Qd1 Qe7 28. Qd2 Bf4 29. Qd3 Nf6 30. g3 Qe2 31. Qxe2 Rxe2 32. gxf4 gxf4 33. Kf1
Re7 34. Re1 Ne4 35. Ne5 f5 36. f3 Nd2+ 37. Ke2 Nc4 38. Kd3 Nb2+ 39. Kc3 Na4+
40. Kb3 b5 41. Rg1 Re6 42. Rg6 Re8 43. Rxc6 1-0

[Event "20. Obert Int. Sant Marti 2018 - B"]
[Site "Barcelona ESP"]
[Date "2018.07.17"]
[Round "5.72"]
[White "Minko, Aleksandr"]
[Black "Zhou, Luyu"]
[Result "0-1"]
[WhiteElo "1112"]
[BlackElo "1542"]
[PlyCount "46"]
[EventDate "2018.07.13"]
[EventType "swiss"]
[EventRounds "9"]
[EventCountry "ESP"]
[SourceTitle "Ajedrez en Madrid"]
[Source "lmi"]
[SourceDate "2018.07.13"]
[SourceVersion "1"]
[SourceVersionDate "2019.06.21"]
[SourceQuality "1"]

1. e4 d6 2. d4 Nf6 3. Nc3 c6 4. f4 Qa5 5. Bd2 e5 6. dxe5 dxe5 7. Nf3 Qc7 8. Bc4
b5 9. Bb3 Bc5 10. Nxe5 O-O 11. Qf3 Nbd7 12. Nd3 a5 13. a3 Ba6 14. g4 b4 15.
axb4 axb4 16. Na4 Bb5 17. Qd1 Nxe4 18. Ndxc5 Ndxc5 19. Nxc5 Nxd2 20. Rxa8 Rxa8
21. Kxd2 Qxf4+ 22. Ke1 Qe3+ 23. Qe2 Qxe2# 0-1

[Event "20. Obert Int. Sant Marti 2018 - B"]
[Site "Barcelona ESP"]
[Date "2018.07.17"]
[Round "5.73"]
[White "Membrives Cano, Diego"]
[Black "Sanchez Viana, Jordi"]
[Result "1/2-1/2"]
[WhiteElo "1262"]
[BlackElo "1536"]
[PlyCount "32"]
[EventDate "2018.07.13"]
[EventType "swiss"]
[EventRounds "9"]
[EventCountry "ESP"]
[SourceTitle "Ajedrez en Madrid"]
[Source "lmi"]
[SourceDate "2018.07.13"]
[SourceVersion "1"]
[SourceVersionDate "2019.06.21"]
[SourceQuality "1"]

1. d4 d5 2. Bf4 Nf6 3. e3 Bf5 4. Bd3 Bxd3 5. cxd3 e6 6. Nc3 a6 7. Nf3 Bd6 8.
Bxd6 Qxd6 9. a3 O-O 10. O-O Nbd7 11. Rc1 Rac8 12. Na4 b6 13. b4 Rfe8 14. Re1 e5
15. e4 dxe4 16. dxe4 exd4 1/2-1/2

[Event "20. Obert Int. Sant Marti 2018 - B"]
[Site "Barcelona ESP"]
[Date "2018.07.17"]
[Round "5.74"]
[White "Munt Serrano, Jesus"]
[Black "Dominguez Diaz, Francisco"]
[Result "1-0"]
[WhiteElo "1511"]
[BlackElo "1319"]
[PlyCount "39"]
[EventDate "2018.07.13"]
[EventType "swiss"]
[EventRounds "9"]
[EventCountry "ESP"]
[SourceTitle "Ajedrez en Madrid"]
[Source "lmi"]
[SourceDate "2018.07.13"]
[SourceVersion "1"]
[SourceVersionDate "2019.06.21"]
[SourceQuality "1"]

1. e4 c5 2. Nf3 d6 3. d4 cxd4 4. Nxd4 g6 5. Nc3 a6 6. Be3 Bg7 7. Qd2 Nf6 8. f3
O-O 9. g4 e5 10. Nb3 Re8 11. h4 h5 12. Bg5 hxg4 13. h5 Nbd7 14. fxg4 Qb6 15.
hxg6 Nc5 16. gxf7+ Kxf7 17. Bc4+ Be6 18. Bxe6+ Rxe6 19. Bxf6 Rxf6 20. Nd5 1-0

[Event "20. Obert Int. Sant Marti 2018 - B"]
[Site "Barcelona ESP"]
[Date "2018.07.17"]
[Round "5.75"]
[White "Gupta, Ritvik"]
[Black "Rodoreda Pares, Marc"]
[Result "1/2-1/2"]
[WhiteElo "1021"]
[BlackElo "1487"]
[PlyCount "32"]
[EventDate "2018.07.13"]
[EventType "swiss"]
[EventRounds "9"]
[EventCountry "ESP"]
[SourceTitle "Ajedrez en Madrid"]
[Source "lmi"]
[SourceDate "2018.07.13"]
[SourceVersion "1"]
[SourceVersionDate "2019.06.21"]
[SourceQuality "1"]

1. e4 e5 2. Nf3 Nf6 3. Nxe5 d6 4. Nf3 Nxe4 5. Nc3 d5 6. Qe2 Be6 7. Nxe4 dxe4 8.
Qxe4 Nc6 9. Bb5 Qd6 10. Nd4 Qd5 11. Bxc6+ bxc6 12. Qxd5 cxd5 13. Nxe6 fxe6 14.
d3 Rb8 15. b3 a6 16. Be3 Bb4+ 1/2-1/2

[Event "20. Obert Int. Sant Marti 2018 - B"]
[Site "Barcelona ESP"]
[Date "2018.07.17"]
[Round "5.76"]
[White "Gomez Fernandez, Miquel"]
[Black "Guerrero Baez, Indira"]
[Result "1-0"]
[WhiteElo "1485"]
[BlackElo "1300"]
[PlyCount "133"]
[EventDate "2018.07.13"]
[EventType "swiss"]
[EventRounds "9"]
[EventCountry "ESP"]
[SourceTitle "Ajedrez en Madrid"]
[Source "lmi"]
[SourceDate "2018.07.13"]
[SourceVersion "1"]
[SourceVersionDate "2019.06.21"]
[SourceQuality "1"]

1. d4 c5 2. d5 Nf6 3. Nc3 d6 4. Nf3 e6 5. Bg5 Be7 6. e4 Qa5 7. Bd2 Qd8 8. Bd3
Nbd7 9. O-O O-O 10. Bg5 Nb6 11. dxe6 fxe6 12. e5 d5 13. exf6 Bxf6 14. Bxf6 Qxf6
15. Qe2 c4 16. Bxh7+ Kxh7 17. Ne5 Qf5 18. Nb5 Nd7 19. Nxd7 Bxd7 20. Nd6 Qf6 21.
Qh5+ Kg8 22. Nxb7 Qxb2 23. Nc5 Rad8 24. Qe2 Qf6 25. Nxd7 Rxd7 26. Rae1 Re8 27.
Qg4 Rb7 28. Re3 Rbe7 29. c3 Qf5 30. Qd4 Rd7 31. Rfe1 Rf7 32. Rf3 Qg6 33. Rg3
Qf6 34. Qxf6 Rxf6 35. Rge3 Kf7 36. f3 Ke7 37. Re5 Kd7 38. Kf2 Rf5 39. Rxf5 exf5
40. Rxe8 Kxe8 41. Ke3 Ke7 42. Kd4 Kd6 43. g4 fxg4 44. fxg4 Ke6 45. h4 Kd6 46.
g5 Ke6 47. h5 Kf7 48. Kxd5 Ke7 49. Kxc4 Ke6 50. Kd4 Kf5 51. h6 gxh6 52. gxh6
Kg6 53. Kd5 Kxh6 54. Kd6 Kg5 55. c4 Kf4 56. c5 Ke4 57. c6 a5 58. c7 a4 59. c8=Q
Kd4 60. Qc5+ Ke4 61. Qd5+ Kf4 62. Qe5+ Kf3 63. Kd5 a3 64. Qe4+ Kf2 65. Ke5 Kf1
66. Qc2 Kg1 67. Kf4 1-0

[Event "20. Obert Int. Sant Marti 2018 - B"]
[Site "Barcelona ESP"]
[Date "2018.07.17"]
[Round "5.77"]
[White "Yuste Fornell, Ramon"]
[Black "Febrero Perez, Lluis"]
[Result "1-0"]
[WhiteElo "1948"]
[BlackElo "1479"]
[PlyCount "25"]
[EventDate "2018.07.13"]
[EventType "swiss"]
[EventRounds "9"]
[EventCountry "ESP"]
[SourceTitle "Ajedrez en Madrid"]
[Source "lmi"]
[SourceDate "2018.07.13"]
[SourceVersion "1"]
[SourceVersionDate "2019.06.21"]
[SourceQuality "1"]

1. e4 e5 2. Nf3 Nc6 3. Bc4 Be7 4. d4 exd4 5. Nxd4 Nxd4 6. Qxd4 Bf6 7. Qd3 g6 8.
Nc3 Bg7 9. Qf3 Qe7 10. Nd5 Qe5 11. Nxc7+ Qxc7 12. Qxf7+ Kd8 13. Bg5+ 1-0

[Event "20. Obert Int. Sant Marti 2018 - B"]
[Site "Barcelona ESP"]
[Date "2018.07.17"]
[Round "5.79"]
[White "Cassi Gimeno, Jordi"]
[Black "Minko, Uliana"]
[Result "1/2-1/2"]
[WhiteElo "1464"]
[BlackElo "1284"]
[PlyCount "61"]
[EventDate "2018.07.13"]
[EventType "swiss"]
[EventRounds "9"]
[EventCountry "ESP"]
[SourceTitle "Ajedrez en Madrid"]
[Source "lmi"]
[SourceDate "2018.07.13"]
[SourceVersion "1"]
[SourceVersionDate "2019.06.21"]
[SourceQuality "1"]

1. e4 e6 2. d4 d5 3. Nd2 dxe4 4. Nxe4 Nd7 5. Nf3 Ngf6 6. Bg5 Be7 7. Bd3 Nxe4 8.
Bxe7 Qxe7 9. Bxe4 Qb4+ 10. Qd2 Qxb2 11. O-O O-O 12. Qd3 Qb6 13. Rfb1 Qd6 14.
Bxb7 Bxb7 15. Rxb7 Rfb8 16. Rab1 Nb6 17. Rxb8+ Rxb8 18. Qa6 Ra8 19. Qb7 Qd8 20.
Qc6 h6 21. c4 Rc8 22. a4 a5 23. Rc1 g6 24. Qb5 Ra8 25. c5 Nd5 26. Qe2 c6 27.
Qd2 Kg7 28. Qe2 Kg8 29. h4 h5 30. g3 Nf6 31. Qd2 1/2-1/2

[Event "20. Obert Int. Sant Marti 2018 - B"]
[Site "Barcelona ESP"]
[Date "2018.07.17"]
[Round "5.82"]
[White "Bermejo Cuadra, Roberto"]
[Black "Lahoz Bonaventura, Jordi"]
[Result "1-0"]
[WhiteElo "1315"]
[BlackElo "1597"]
[PlyCount "76"]
[EventDate "2018.07.13"]
[EventType "swiss"]
[EventRounds "9"]
[EventCountry "ESP"]
[SourceTitle "Ajedrez en Madrid"]
[Source "lmi"]
[SourceDate "2018.07.13"]
[SourceVersion "1"]
[SourceVersionDate "2019.06.21"]
[SourceQuality "1"]

1. Nf3 c5 2. e4 g6 3. Bc4 Bg7 4. Ng5 e6 5. d3 Nc6 6. c3 Nf6 7. Na3 d5 8. exd5
exd5 9. Qe2+ Ne7 10. Bb5+ Bd7 11. O-O Bxb5 12. Nxb5 a6 13. Na3 O-O 14. Bf4 Re8
15. Qc2 Nc6 16. Rae1 Qd7 17. Rxe8+ Rxe8 18. Nf3 Nh5 19. Bd2 Ne5 20. Nxe5 Rxe5
21. d4 cxd4 22. cxd4 Re4 23. f3 Bxd4+ 24. Kh1 Rh4 25. Be1 Rf4 26. Qd2 Bc5 27.
Nc2 Qb5 28. Rf2 Bxf2 29. Bxf2 Qf1+ 30. Bg1 Qc4 31. b3 Qc6 32. g4 d4 33. gxh5
Qxf3+ 34. Qg2 Qxh5 35. Nxd4 Qd1 36. Ne2 Rf5 37. Ng3 Rd5 38. Ne4 Qa1 1-0

[Event "20. Obert Int. Sant Marti 2018 - B"]
[Site "Barcelona ESP"]
[Date "2018.07.17"]
[Round "5.83"]
[White "Samper Gonzalez, Pedro"]
[Black "Del Rio Baena, Dani"]
[Result "1-0"]
[WhiteElo "1470"]
[BlackElo "1050"]
[PlyCount "55"]
[EventDate "2018.07.13"]
[EventType "swiss"]
[EventRounds "9"]
[EventCountry "ESP"]
[SourceTitle "Ajedrez en Madrid"]
[Source "lmi"]
[SourceDate "2018.07.13"]
[SourceVersion "1"]
[SourceVersionDate "2019.06.21"]
[SourceQuality "1"]

1. e4 e6 2. d4 d5 3. exd5 exd5 4. c4 c6 5. Nc3 Nf6 6. Nf3 Bd6 7. Bd3 O-O 8. O-O
Bg4 9. h3 Bh5 10. Bg5 Be7 11. Re1 Re8 12. Re3 dxc4 13. Bxc4 Nbd7 14. Qd2 Bb4
15. a3 Ba5 16. b4 Bc7 17. Rae1 Rxe3 18. Qxe3 Qe8 19. Ne5 Nxe5 20. dxe5 Nd7 21.
e6 fxe6 22. Bxe6+ Kh8 23. Ne2 Bxe2 24. Qxe2 h6 25. Bd2 Qe7 26. Bc3 Re8 27. Qh5
b5 28. Qxh6# 1-0

[Event "20. Obert Int. Sant Marti 2018 - B"]
[Site "Barcelona ESP"]
[Date "2018.07.17"]
[Round "5.84"]
[White "Casas Vinas, Arthur"]
[Black "Rodriguez Gonzalez, Feliciano"]
[Result "0-1"]
[WhiteElo "1249"]
[BlackElo "1403"]
[PlyCount "66"]
[EventDate "2018.07.13"]
[EventType "swiss"]
[EventRounds "9"]
[EventCountry "ESP"]
[SourceTitle "Ajedrez en Madrid"]
[Source "lmi"]
[SourceDate "2018.07.13"]
[SourceVersion "1"]
[SourceVersionDate "2019.06.21"]
[SourceQuality "1"]

1. e4 e6 2. d4 d5 3. e5 c5 4. c3 Nc6 5. Nf3 Qb6 6. a3 a5 7. Bd3 cxd4 8. cxd4
Bd7 9. Bc2 Nge7 10. O-O Ng6 11. h4 h5 12. Nc3 Be7 13. Ne2 Nxh4 14. Nxh4 Bxh4
15. Qd3 Be7 16. Kh2 g6 17. Rh1 Rg8 18. Kg1 f6 19. exf6 Bxf6 20. b3 Nxd4 21. Be3
Nxe2+ 22. Qxe2 Qd6 23. Ra2 O-O-O 24. b4 d4 25. Bd2 Qd5 26. Rb2 Bc6 27. f3 d3
28. Qe4 Qxe4 29. fxe4 Bxb2 30. Bb3 Rge8 31. Kf2 Bd4+ 32. Be3 Rf8+ 33. Ke1 Bxe3
0-1

[Event "20. Obert Int. Sant Marti 2018 - B"]
[Site "Barcelona ESP"]
[Date "2018.07.17"]
[Round "5.86"]
[White "Guinjoan Fradera, Joan"]
[Black "Marcos Rodriguez, Raul"]
[Result "0-1"]
[WhiteElo "1470"]
[BlackElo "1360"]
[PlyCount "38"]
[EventDate "2018.07.13"]
[EventType "swiss"]
[EventRounds "9"]
[EventCountry "ESP"]
[SourceTitle "Ajedrez en Madrid"]
[Source "lmi"]
[SourceDate "2018.07.13"]
[SourceVersion "1"]
[SourceVersionDate "2019.06.21"]
[SourceQuality "1"]

1. e4 c6 2. Bc4 d5 3. exd5 cxd5 4. Bb3 e5 5. Nf3 Qc7 6. Bxd5 Nf6 7. Bb3 Bc5 8.
d3 Bf5 9. Be3 Nbd7 10. O-O Bg4 11. h3 Bh5 12. g4 Nxg4 13. hxg4 Bxg4 14. Nbd2
Qc6 15. Ne4 f5 16. Bxc5 Nxc5 17. Nxc5 Bxf3 18. Qd2 Qg6+ 19. Kh2 Qg2# 0-1

[Event "20. Obert Int. Sant Marti 2018 - B"]
[Site "Barcelona ESP"]
[Date "2018.07.18"]
[Round "6.1"]
[White "Cano Sevilla, Ivan"]
[Black "Prats Safont, Sergi"]
[Result "1/2-1/2"]
[WhiteElo "1948"]
[BlackElo "1918"]
[PlyCount "35"]
[EventDate "2018.07.13"]
[EventType "swiss"]
[EventRounds "9"]
[EventCountry "ESP"]
[SourceTitle "Ajedrez en Madrid"]
[Source "lmi"]
[SourceDate "2018.07.13"]
[SourceVersion "1"]
[SourceVersionDate "2019.06.21"]
[SourceQuality "1"]

1. e4 c5 2. Nc3 e6 3. g3 d5 4. exd5 exd5 5. d4 Nf6 6. Bg5 cxd4 7. Qxd4 Nc6 8.
Bb5 a6 9. Bxf6 gxf6 10. Nxd5 Be7 11. Qe4 axb5 12. O-O-O Kf8 13. Qe3 Qa5 14.
Qh6+ Kg8 15. Nxe7+ Nxe7 16. Qxf6 Qc7 17. Nf3 Rxa2 18. Ne5 1/2-1/2

[Event "20. Obert Int. Sant Marti 2018 - B"]
[Site "Barcelona ESP"]
[Date "2018.07.18"]
[Round "6.2"]
[White "Nadal Fajardo, Ricard"]
[Black "Walter Travella, German"]
[Result "1-0"]
[WhiteElo "1894"]
[BlackElo "1924"]
[PlyCount "99"]
[EventDate "2018.07.13"]
[EventType "swiss"]
[EventRounds "9"]
[EventCountry "ESP"]
[SourceTitle "Ajedrez en Madrid"]
[Source "lmi"]
[SourceDate "2018.07.13"]
[SourceVersion "1"]
[SourceVersionDate "2019.06.21"]
[SourceQuality "1"]

1. c4 c6 2. Nf3 d5 3. Qc2 Nf6 4. b3 g6 5. Bb2 Bg7 6. g3 O-O 7. Bg2 Bf5 8. d3
dxc4 9. bxc4 Qc8 10. h3 c5 11. Ne5 Nfd7 12. Nxd7 Bxb2 13. Qxb2 Nxd7 14. Qxb7
Qxb7 15. Bxb7 Rab8 16. Bg2 Rb2 17. Nc3 Rfb8 18. O-O Rc2 19. Rfc1 Rbb2 20. Bf1
Ne5 21. Rxc2 Rxc2 22. Nd5 Nc6 23. a3 Rb2 24. Nc3 Nd4 25. e3 Nf3+ 26. Kg2 Ng5
27. g4 Bd7 28. Rb1 Rc2 29. Nd5 Bc6 30. Rb8+ Kg7 31. Rc8 Bxd5+ 32. cxd5 c4 33.
Rxc4 Rxc4 34. dxc4 Ne4 35. Bd3 Nc5 36. Bc2 g5 37. f4 h6 38. Kf3 Kf6 39. Ke2 e5
40. dxe6 Kxe6 41. Kd2 Kd6 42. Kc3 a5 43. Kd4 f6 44. Bh7 Nb3+ 45. Ke4 Nd2+ 46.
Kf5 Ke7 47. Kg6 Nxc4 48. Kxh6 Nxe3 49. fxg5 fxg5 50. Kxg5 1-0

[Event "20. Obert Int. Sant Marti 2018 - B"]
[Site "Barcelona ESP"]
[Date "2018.07.18"]
[Round "6.3"]
[White "Moravich, Juan"]
[Black "Perez Garcia, Jose Miguel"]
[Result "0-1"]
[WhiteElo "1949"]
[BlackElo "1891"]
[PlyCount "80"]
[EventDate "2018.07.13"]
[EventType "swiss"]
[EventRounds "9"]
[EventCountry "ESP"]
[SourceTitle "Ajedrez en Madrid"]
[Source "lmi"]
[SourceDate "2018.07.13"]
[SourceVersion "1"]
[SourceVersionDate "2019.06.21"]
[SourceQuality "1"]

1. c4 Nf6 2. Nc3 g6 3. g3 Bg7 4. Bg2 O-O 5. d3 d6 6. e3 c5 7. Nge2 Nc6 8. b3
Bd7 9. Bb2 Rb8 10. Qd2 a6 11. O-O b5 12. Rad1 Qb6 13. Nd5 Nxd5 14. Bxg7 Nxe3
15. Bxf8 Nxf1 16. Qh6 Rxf8 17. Nf4 Nd4 18. Be4 Bf5 19. Kxf1 Bxe4 20. dxe4 Qd8
21. g4 Qe8 22. Rd3 f6 23. cxb5 axb5 24. h4 Qf7 25. Kg2 Ra8 26. a4 bxa4 27. bxa4
Rxa4 28. Rg3 Qg7 29. Qxg7+ Kxg7 30. g5 Kf7 31. h5 Ne6 32. hxg6+ hxg6 33. Nxe6
Kxe6 34. gxf6 Kxf6 35. Re3 Ke5 36. Kf3 c4 37. Ke2 Ra2+ 38. Ke1 Kd4 39. Rg3 c3
40. Rxg6 Ra1+ 0-1

[Event "20. Obert Int. Sant Marti 2018 - B"]
[Site "Barcelona ESP"]
[Date "2018.07.18"]
[Round "6.4"]
[White "Sumelzo Lozano, Jose"]
[Black "Vargas Drechsler, Carlos"]
[Result "1/2-1/2"]
[WhiteElo "1941"]
[BlackElo "1871"]
[PlyCount "143"]
[EventDate "2018.07.13"]
[EventType "swiss"]
[EventRounds "9"]
[EventCountry "ESP"]
[SourceTitle "Ajedrez en Madrid"]
[Source "lmi"]
[SourceDate "2018.07.13"]
[SourceVersion "1"]
[SourceVersionDate "2019.06.21"]
[SourceQuality "1"]

1. d4 Nf6 2. Nf3 g6 3. c4 c5 4. e3 Bg7 5. Nc3 O-O 6. Be2 d6 7. d5 Bg4 8. O-O
Nbd7 9. Qc2 Nb6 10. b3 Bxf3 11. Bxf3 Ne8 12. Bb2 Nc7 13. Ne2 Bxb2 14. Qxb2 a5
15. a4 Na6 16. Rad1 Nb4 17. Nf4 Nd7 18. Be2 Ne5 19. Nd3 Nexd3 20. Bxd3 Qd7 21.
Bb1 f5 22. f4 Rf6 23. Rf3 Raf8 24. h3 e6 25. g4 fxg4 26. hxg4 e5 27. f5 g5 28.
e4 Qg7 29. Rh3 Rh6 30. Qh2 Rff6 31. Rd2 Rxh3 32. Qxh3 Rh6 33. Qg3 Rh4 34. Rh2
Qh6 35. Kg2 Kf7 36. Rh3 Kf6 37. Qf3 Rxh3 38. Qxh3 Qh4 39. Qxh4 gxh4 40. Kh3 Kg5
41. f6 Kxf6 42. Kxh4 Kg6 43. g5 h6 44. gxh6 Kxh6 45. Kg4 Kg6 46. Kh4 Na6 47.
Bd3 Nb8 48. Be2 Nd7 49. Bf3 Nf6 50. Bg2 Nh5 51. Kg4 Nf4 52. Bf1 Nh5 53. Bg2
Nf6+ 54. Kh4 Kh6 55. Bf3 b6 56. Bg2 Nh5 57. Kg4 Kg6 58. Kh4 Ng7 59. Bf3 Kh6 60.
Bg4 Ne8 61. Be2 Nc7 62. Bd3 Na6 63. Bc2 Kg6 64. Bd3 Nb8 65. Be2 Nd7 66. Bf3 Nf8
67. Bg4 Kh6 68. Bf5 Kg7 69. Kg5 Kf7 70. Kh5 Kf6 71. Kh6 Kf7 72. Kg5 1/2-1/2

[Event "20. Obert Int. Sant Marti 2018 - B"]
[Site "Barcelona ESP"]
[Date "2018.07.18"]
[Round "6.5"]
[White "Costa Trave, Jaume"]
[Black "Molinero Martin, Joan"]
[Result "1-0"]
[WhiteElo "1862"]
[BlackElo "1939"]
[PlyCount "107"]
[EventDate "2018.07.13"]
[EventType "swiss"]
[EventRounds "9"]
[EventCountry "ESP"]
[SourceTitle "Ajedrez en Madrid"]
[Source "lmi"]
[SourceDate "2018.07.13"]
[SourceVersion "1"]
[SourceVersionDate "2019.06.21"]
[SourceQuality "1"]

1. d4 Nf6 2. Nc3 d5 3. Bf4 c6 4. e3 Bf5 5. Bd3 Bg6 6. Nge2 e6 7. h3 Bd6 8. Qd2
Qe7 9. Bxd6 Qxd6 10. Nf4 e5 11. Nxg6 hxg6 12. dxe5 Qxe5 13. O-O-O Nbd7 14. Be2
O-O-O 15. Bf3 Kb8 16. Rhe1 Nb6 17. Qd4 Qc7 18. Na4 Nc4 19. Qc3 Nd6 20. Nc5 Rh4
21. b3 Qb6 22. a4 a5 23. Rd4 Nf5 24. Rxh4 Nxh4 25. Qe5+ Ka7 26. Nd3 Nxf3 27.
gxf3 Rh8 28. Qe7 Rxh3 29. f4 d4 30. e4 Rxd3 31. cxd3 Qxb3 32. Qc5+ b6 33. Qxd4
Qa3+ 34. Kd1 c5 35. Qc4 Ng4 36. Qxf7+ Ka6 37. Qc4+ Ka7 38. Qc2 c4 39. Qxc4
Nxf2+ 40. Kd2 Qb2+ 41. Qc2 Qf6 42. Rc1 Qd8 43. Ke2 Nh3 44. Kf3 Qd7 45. Qc4 g5
46. Qd5 Qxd5 47. exd5 Nxf4 48. Ke4 Ng6 49. d6 Nf8 50. Rc7+ Kb8 51. Kf5 g6+ 52.
Kf6 g4 53. Rf7 b5 54. Rxf8+ 1-0

[Event "20. Obert Int. Sant Marti 2018 - B"]
[Site "Barcelona ESP"]
[Date "2018.07.18"]
[Round "6.6"]
[White "Castillo Dalmau, Arnau"]
[Black "Ramos Alvarez, Maximo"]
[Result "1-0"]
[WhiteElo "1862"]
[BlackElo "1939"]
[PlyCount "33"]
[EventDate "2018.07.13"]
[EventType "swiss"]
[EventRounds "9"]
[EventCountry "ESP"]
[SourceTitle "Ajedrez en Madrid"]
[Source "lmi"]
[SourceDate "2018.07.13"]
[SourceVersion "1"]
[SourceVersionDate "2019.06.21"]
[SourceQuality "1"]

1. e4 c5 2. Nf3 e6 3. c4 Nc6 4. Nc3 Nge7 5. d4 cxd4 6. Nxd4 Nxd4 7. Qxd4 Nc6 8.
Qd1 Bb4 9. Be3 Qa5 10. Qd2 b6 11. Rc1 O-O 12. Be2 Bxc3 13. Qxc3 Qxa2 14. b4 Qa4
15. Bd2 Ne7 16. b5 a5 17. Qb2 1-0